[Event "Piestany Slovakia op"]
[Site "Piestany"]
[Date "2021.07.18"]
[Round "9"]
[White "Striskova, Lucia"]
[Black "Lihosith, Tomas"]
[Result "1-0"]
[WhiteElo "1715"]
[BlackElo "1768"]
[PlyCount "91"]
[EventDate "2021.07.10"]
[EventType "swiss"]
[EventRounds "9"]
[EventCountry "SVK"]
[SourceTitle "CBM 203 Extra"]
[Source "ChessBase"]
[SourceDate "2021.09.30"]
[SourceVersion "1"]
[SourceVersionDate "2021.09.30"]
[SourceQuality "1"]

1. c4 Nc6 2. Nc3 e6 3. g3 g6 4. Bg2 Bg7 5. Nf3 Nge7 6. 0-0 0-0 7. d4 d5 8. e3 a6 9. a3 Bd7 10. cxd5 Nxd5 11. Nxd5 exd5 12. Qb3 Bc8 13. Bd2 Ne7 14. Ne5 Bxe5 15. dxe5 c6 16. e4 dxe4 17. Bh6 Re8 18. Bxe4 Nf5 19. Rad1 Qe7 20. Bf4 Be6 21. Qf3 Rad8 22. h4 h5 23. Bg5 Rxd1 24. Bxe7 Rxf1+ 25. Kxf1 Rxe7 26. Kg2 Ng7 27. Qf6 Rd7 28. Qg5 Rd4 29. Bf3 Nf5 30. Bxh5 Re4 31. Bf3 Rxe5 32. Qf6 Re1 33. h5 gxh5 34. Qg5+ Kf8 35. Qxh5 Ke7 36. Qg5+ f6 37. Qd2 Re5 38. Qb4+ Nd6 39. Qb6 Kd7 40. Qd4 Bf7 41. b4 Kc7 42. g4 Ne4 43. Bxe4 Rxe4 44. Qxf6 Rxg4+ 45. Kf3 Bh5 46. Qe5+ 1-0

[Event "Piestany Slovakia op"]
[Site "Piestany"]
[Date "2021.07.13"]
[Round "4"]
[White "Bochnickova, Simona"]
[Black "Lihosith, Tomas"]
[Result "1-0"]
[WhiteElo "1602"]
[BlackElo "1768"]
[PlyCount "51"]
[EventDate "2021.07.10"]
[EventType "swiss"]
[EventRounds "9"]
[EventCountry "SVK"]
[SourceTitle "CBM 203 Extra"]
[Source "ChessBase"]
[SourceDate "2021.09.30"]
[SourceVersion "1"]
[SourceVersionDate "2021.09.30"]
[SourceQuality "1"]

1. e4 e5 2. Nf3 d6 3. d4 exd4 4. Nxd4 g6 5. c4 Bg7 6. Nc3 Nc6 7. Be3 Nxd4 8. Bxd4 Bxd4 9. Qxd4 Qf6 10. 0-0-0 Qxd4 11. Rxd4 Ne7 12. Nb5 Kd7 13. c5 a6 14. Nxc7 Kxc7 15. cxd6+ Kd7 16. dxe7+ Kxe7 17. Bc4 b5 18. Bb3 Bb7 19. Rhd1 Rhc8+ 20. Kd2 Rc7 21. Ke3 f5 22. exf5 gxf5 23. Rh4 Kf6 24. Rd6+ Kg5 25. f4+ Kxh4 26. Rh6+ 1-0